Listening to the voices of children in foster care: youths speak out about child welfare workforce turnover and selection (Record no. 85311)

000 -LEADER
fixed length control field 00536pab a2200193 454500
008 - FIXED-LENGTH DATA ELEMENTS--GENERAL INFORMATION
fixed length control field 180718b2010 xxu||||| |||| 00| 0 eng d
100 ## - MAIN ENTRY--PERSONAL NAME
Personal name Strolin-Goltzman, Jessica
245 ## - TITLE STATEMENT
Title Listening to the voices of children in foster care: youths speak out about child welfare workforce turnover and selection
260 ## - PUBLICATION, DISTRIBUTION, ETC.
Date of publication, distribution, etc. 2010
300 ## - PHYSICAL DESCRIPTION
Extent p.47-53.
362 ## - DATES OF PUBLICATION AND/OR SEQUENTIAL DESIGNATION
Dates of publication and/or sequential designation Jan
650 ## - SUBJECT ADDED ENTRY--TOPICAL TERM
Topical term or geographic name entry element Youth
650 ## - SUBJECT ADDED ENTRY--TOPICAL TERM
Topical term or geographic name entry element Child welfare
700 ## - ADDED ENTRY--PERSONAL NAME
Personal name Trinkle, Joanne
700 ## - ADDED ENTRY--PERSONAL NAME
Personal name Kollar, Sharon
773 ## - HOST ITEM ENTRY
Main entry heading Social Work
908 ## - PUT COMMAND PARAMETER (RLIN)
Put command parameter N
909 ## -
-- 85311
Holdings
Withdrawn status Lost status Damaged status Not for loan Permanent Location Current Location Date acquired Serial Enumeration / chronology Barcode Date last seen Price effective from Koha item type
        Indian Institute of Public Administration Indian Institute of Public Administration 2018-07-19 Volume no: 55, Issue no: 1 AR85771 2018-07-19 2018-07-19 Articles

Powered by Koha